[Event "Ekaterinburg Scerbin Memorial"]
[Site "Ekaterinburg"]
[Date "2023.01.14"]
[Round "5"]
[White "Avvakumov, Maksim"]
[Black "Khegay, Dmitriy"]
[Result "0-1"]
[WhiteElo "1705"]
[BlackElo "2532"]
[PlyCount "132"]
[EventDate "2023.01.14"]
[EventType "swiss (rapid)"]
[EventRounds "11"]
[EventCountry "RUS"]
[SourceTitle "CBM 212 Extra"]
[Source "ChessBase"]
[SourceDate "2023.03.31"]
[SourceVersion "1"]
[SourceVersionDate "2023.03.31"]
[SourceQuality "1"]

1. d4 d6 2. e4 Nf6 3. Nc3 e5 4. dxe5 dxe5 5. Qxd8+ Kxd8 6. a3 Bd6 7. Bc4 Be6 8. Bxe6 fxe6 9. Nf3 Ke7 10. Bd2 a6 11. h3 c5 12. 0-0-0 Nc6 13. Rhe1 h6 14. Nh4 Rhd8 15. g3 g5 16. Ng2 Nd4 17. h4 Nf3 18. Rh1 Rh8 19. Be3 Ng4 20. Ne1 Nxe3 21. fxe3 Nxe1 22. Rdxe1 g4 23. Rhf1 h5 24. Rf2 Rhf8 25. Ref1 Rxf2 26. Rxf2 c4 27. Kd2 Bc5 28. Na4 Rd8+ 29. Ke2 Ba7 30. Nc3 b5 31. Na2 Bc5 32. Nb4 Rd6 33. Rf1 a5 34. Na2 b4 35. axb4 axb4 36. Nc1 Rc6 37. b3 Bb6 38. bxc4 Rxc4 39. Kd2 Rxe4 40. Re1 Rc4 41. Nd3 e4 42. Nf4 Rc5 43. Ra1 Bc7 44. Ra7 Kd7 45. Rb7 Kc6 46. Ra7 Kb6 47. Ra8 Rf5 48. Re8 e5 49. Nd5+ Kc6 50. Ne7+ Kd7 51. Nxf5 Kxe8 52. c3 Kf7 53. cxb4 Kf6 54. Nh6 Kg6 55. Ng8 Bd8 56. Kc3 Kg7 57. Kc4 Kxg8 58. Kd5 Kf7 59. b5 Bb6 60. Kxe5 Bxe3 61. Kxe4 Bf2 62. Kf5 Bxg3 63. b6 Bxh4 64. Kf4 Bd8 65. b7 Bc7+ 66. Ke3 Ke6 0-1